[Event "Regionalliga SW 0102"]
[Site "Bayern"]
[Date "2002.04.14"]
[Round "8.8"]
[White "Schwarm, Gordon Charles"]
[Black "Kuehn, Helmut"]
[Result "1-0"]
[WhiteElo "1960"]
[BlackElo "1915"]
[PlyCount "131"]
[EventDate "2001.10.07"]
[EventType "team-tourn"]
[EventRounds "9"]
[EventCountry "GER"]
[SourceTitle "EXT 2003"]
[Source "ChessBase"]
[SourceDate "2002.11.25"]
[SourceVersion "1"]
[SourceVersionDate "2002.11.25"]
[SourceQuality "1"]
[WhiteTeam "Lauingen"]
[BlackTeam "Burlafingen"]
[WhiteTeamCountry "GER"]
[BlackTeamCountry "GER"]

1. f4 d5 2. Nf3 c5 3. e3 Nc6 4. Bb5 Bd7 5. 0-0 e6 6. b3 Be7 7. Bb2 Nf6 8. d3 0-0 9. Bxc6 Bxc6 10. Ne5 Be8 11. Nd2 Nd7 12. Qg4 f5 13. Qg3 Nxe5 14. Bxe5 Bf6 15. Nf3 Bc6 16. Bxf6 Qxf6 17. Ne5 Rac8 18. a4 Rfd8 19. Rae1 c4 20. d4 cxb3 21. cxb3 Qe7 22. Qg5 Qxg5 23. fxg5 Be8 24. Rc1 b5 25. a5 b4 26. Kf2 Bb5 27. Rfd1 Rc3 28. Rxc3 bxc3 29. Rc1 Rc8 30. Ke1 Kf8 31. Kd1 Bf1 32. Rc2 Ke7 33. Rf2 Bb5 34. Kc2 Kd6 35. g4 g6 36. h4 Rc7 37. h5 fxg4 38. hxg6 hxg6 39. Nxg4 Rh7 40. Kxc3 Rh5 41. Ne5 Be8 42. Rg2 Rh3 43. Kd2 Rh1 44. Kc3 Rh3 45. Ng4 Bc6 46. Kb4 a6 47. Kc3 Bb5 48. b4 Bf1 49. Rf2 Bb5 50. Kd2 Ke7 51. Ne5 Be8 52. Rf6 Rh2+ 53. Kd3 Rb2 54. Nxg6+ Bxg6+ 55. Rxg6 Rxb4 56. Rg7+ Kf8 57. Ra7 Rb2 58. Rxa6 Kf7 59. g6+ Kf6 60. g7 Kxg7 61. Rxe6 Ra2 62. a6 Kf7 63. Rd6 Ra3+ 64. Ke2 Ra5 65. Kf3 Ke7 66. Rb6 1-0

[Event "Regionalliga SW 9900"]
[Site "Bayern"]
[Date "2000.??.??"]
[Round "8.5"]
[White "Froehlich, Rainer"]
[Black "Schwarm, Gordon Charles"]
[Result "0-1"]
[WhiteElo "1855"]
[BlackElo "1965"]
[PlyCount "80"]
[EventDate "1999.??.??"]
[EventType "team-tourn"]
[EventRounds "9"]
[EventCountry "GER"]
[SourceTitle "EXT 2020"]
[Source "ChessBase"]
[SourceDate "2019.10.17"]
[SourceVersion "1"]
[SourceVersionDate "2019.10.17"]
[SourceQuality "1"]
[WhiteTeam "Sonthofen"]
[BlackTeam "Noerdlingen"]
[WhiteTeamCountry "GER"]
[BlackTeamCountry "GER"]

1. e4 c6 2. d4 d5 3. e5 Bf5 4. Nf3 e6 5. Bd3 Bxd3 6. Qxd3 Qa5+ 7. Nbd2 Qa6 8. c4 Bb4 9. 0-0 Ne7 10. b3 Ng6 11. a3 Nd7 12. Rb1 Bxd2 13. Nxd2 c5 14. f4 Ne7 15. b4 cxd4 16. Qxd4 Nf5 17. Qd3 Rc8 18. g4 Ne7 19. b5 Qb6+ 20. Kg2 h5 21. h3 hxg4 22. hxg4 Nc5 23. Qe2 Qd8 24. Rh1 Rxh1 25. Kxh1 Ng6 26. Nf3 Ne4 27. Qh2 dxc4 28. Be3 Qd3 29. Re1 Ke7 30. Nh4 c3 31. Nxg6+ fxg6 32. Qh7 Kf7 33. f5 gxf5 34. Qh5+ Kg8 35. Qg6 Qd7 36. gxf5 exf5 37. e6 Qe7 38. Kg2 Qf6 39. Qh5 Qxe6 40. Rh1 Nf6 0-1

[Event "Regionalliga SW 9900"]
[Site "Bayern"]
[Date "2000.??.??"]
[Round "4.5"]
[White "Schwarm, Gordon Charles"]
[Black "Lutz, Gerhard"]
[Result "1-0"]
[WhiteElo "1965"]
[BlackElo "1773"]
[PlyCount "83"]
[EventDate "1999.??.??"]
[EventType "team-tourn"]
[EventRounds "9"]
[EventCountry "GER"]
[SourceTitle "EXT 2020"]
[Source "ChessBase"]
[SourceDate "2019.10.17"]
[SourceVersion "1"]
[SourceVersionDate "2019.10.17"]
[SourceQuality "1"]
[WhiteTeam "Noerdlingen"]
[BlackTeam "Garching"]
[WhiteTeamCountry "GER"]
[BlackTeamCountry "GER"]

1. f4 g6 2. Nf3 Bg7 3. e4 c5 4. Bc4 e6 5. Nc3 d6 6. 0-0 Nc6 7. d3 Nge7 8. Ne2 0-0 9. c3 Na5 10. Bb3 Nxb3 11. Qxb3 b6 12. Ng3 Qc7 13. Qc2 Bd7 14. Bd2 f5 15. Rae1 Rae8 16. Rf2 h6 17. Rfe2 Nc6 18. Qc1 Kh7 19. h4 fxe4 20. dxe4 e5 21. h5 Bg4 22. hxg6+ Kxg6 23. f5+ Kh7 24. Kf2 Ne7 25. Rh1 Bxf3 26. gxf3 Ng8 27. Ree1 Rd8 28. c4 a6 29. Rh3 d5 30. cxd5 Rd6 31. Reh1 Rc8 32. f4 Rd7 33. fxe5 Qxe5 34. Bxh6 Nxh6 35. Rxh6+ Kg8 36. Qg5 Qxb2+ 37. Kf3 Qc3+ 38. Kg4 Kf8 39. f6 Bxf6 40. Rxf6+ Rf7 41. Rh8+ Ke7 42. Nf5+ 1-0

[Event "Regionalliga SW 9798"]
[Site "Bayern"]
[Date "1998.??.??"]
[Round "?.2"]
[White "Bucan, Djordje"]
[Black "Schwarm, Gordon Charles"]
[Result "1-0"]
[WhiteElo "2120"]
[BlackElo "2015"]
[PlyCount "81"]
[EventDate "1997.10.??"]
[EventType "team-tourn"]
[EventRounds "9"]
[EventCountry "GER"]
[SourceTitle "EXT 2020"]
[Source "ChessBase"]
[SourceDate "2019.10.17"]
[SourceVersion "1"]
[SourceVersionDate "2019.10.17"]
[SourceQuality "1"]
[WhiteTeam "Muenchen Suedost"]
[BlackTeam "Noerdlingen"]
[WhiteTeamCountry "GER"]
[BlackTeamCountry "GER"]

1. Nf3 d5 2. d4 Nf6 3. e3 Bg4 4. c4 Bxf3 5. Qxf3 e6 6. a3 Be7 7. Nc3 0-0 8. Bd3 c5 9. dxc5 Bxc5 10. b4 Be7 11. cxd5 exd5 12. Bb2 Nc6 13. Ne2 Qd6 14. Qg3 Qxg3 15. hxg3 h6 16. Rd1 Rfd8 17. Bb1 Rac8 18. f3 Rd6 19. Kf2 Nd8 20. Nd4 Kf8 21. Rd2 Ne6 22. Nf5 Rd7 23. Rhd1 Rcd8 24. Ba2 Nc7 25. Ke2 a5 26. Nxe7 Kxe7 27. bxa5 Ra8 28. Bc3 Rad8 29. Rb1 Na6 30. Bd4 Rc8 31. Rb5 Nb8 32. Bxf6+ Kxf6 33. Bxd5 Rc3 34. Bb3 Rdc7 35. Rd6+ Ke7 36. Rdb6 Kd8 37. Rxb7 Rxb7 38. Rxb7 Nc6 39. a6 Kc8 40. Bd5 Nd8 41. a7 1-0

[Event "Regionalliga SW 9697"]
[Site "Bayern"]
[Date "1997.??.??"]
[Round "?"]
[White "Schwarm, Gordon Charles"]
[Black "Altmann, Christoph"]
[Result "1/2-1/2"]
[WhiteElo "2010"]
[BlackElo "2030"]
[PlyCount "70"]
[EventDate "1996.10.??"]
[EventType "team-tourn"]
[EventRounds "9"]
[EventCountry "GER"]
[SourceTitle "EXT 1999"]
[Source "ChessBase"]
[SourceDate "1998.11.16"]
[SourceVersion "1"]
[SourceVersionDate "1998.11.16"]
[SourceQuality "1"]
[WhiteTeam "Noerdlingen"]
[BlackTeam "Sendling SC"]
[WhiteTeamCountry "GER"]
[BlackTeamCountry "GER"]

1. f4 Nf6 2. Nf3 g6 3. e3 d5 4. d4 Bg7 5. Bd3 c5 6. c3 0-0 7. 0-0 b6 8. Qe1 Ne4 9. Nbd2 Bb7 10. Qh4 f6 11. Nxe4 dxe4 12. Bc4+ Bd5 13. Bxd5+ Qxd5 14. Nd2 cxd4 15. cxd4 e6 16. Nb3 a5 17. Bd2 Na6 18. Bc3 Rac8 19. g4 a4 20. Nd2 a3 21. Nb3 b5 22. Qe1 axb2 23. Bxb2 b4 24. Qe2 Qc4 25. Qxc4 Rxc4 26. Rac1 Rfc8 27. Rxc4 Rxc4 28. Rc1 Rxc1+ 29. Bxc1 e5 30. fxe5 fxe5 31. Nc5 Nxc5 32. dxc5 Bf8 33. c6 Bd6 34. Bd2 Kf7 35. Bxb4 Bc7 1/2-1/2

[Event "Regionalliga SW 9596"]
[Site "Bayern"]
[Date "1996.??.??"]
[Round "?"]
[White "Schwarm, Gordon Charles"]
[Black "Kowarsch, Heinrich"]
[Result "1/2-1/2"]
[WhiteElo "1975"]
[BlackElo "2060"]
[PlyCount "59"]
[EventDate "1995.10.??"]
[EventType "team-tourn"]
[EventRounds "9"]
[EventCountry "GER"]
[SourceTitle "EXT 1999"]
[Source "ChessBase"]
[SourceDate "1998.11.16"]
[SourceVersion "1"]
[SourceVersionDate "1998.11.16"]
[SourceQuality "1"]
[WhiteTeam "Augsburg SG 1873"]
[BlackTeam "Tuerkheim"]
[WhiteTeamCountry "GER"]
[BlackTeamCountry "GER"]

1. f4 Nf6 2. Nf3 c5 3. e3 b6 4. Be2 Bb7 5. 0-0 g6 6. d3 Bg7 7. Nc3 a6 8. e4 d5 9. e5 Ng8 10. Qe1 e6 11. Ng5 h6 12. Nh3 Ne7 13. Bf3 Nf5 14. Ne2 Nc6 15. c3 Rb8 16. g4 Nh4 17. d4 Nxf3+ 18. Rxf3 h5 19. gxh5 Rxh5 20. Be3 cxd4 21. Nxd4 Nxd4 22. Bxd4 Bf8 23. Qf2 Bc8 24. Ng5 Qc7 25. Rg3 a5 26. a3 a4 27. Qc2 b5 28. Rf1 Rb7 29. Rf2 Qe7 30. Qd3 1/2-1/2

[Event "Regionalliga SW 9596"]
[Site "Bayern"]
[Date "1996.??.??"]
[Round "?"]
[White "Schwarm, Gordon Charles"]
[Black "Michaelis, Martin"]
[Result "0-1"]
[WhiteElo "1975"]
[BlackElo "2105"]
[PlyCount "74"]
[EventDate "1995.10.??"]
[EventType "team-tourn"]
[EventRounds "9"]
[EventCountry "GER"]
[SourceTitle "EXT 1999"]
[Source "ChessBase"]
[SourceDate "1998.11.16"]
[SourceVersion "1"]
[SourceVersionDate "1998.11.16"]
[SourceQuality "1"]
[WhiteTeam "Augsburg SG 1873"]
[BlackTeam "Kriegshaber SK"]
[WhiteTeamCountry "GER"]
[BlackTeamCountry "GER"]

1. f4 g6 2. Nf3 Bg7 3. e4 c5 4. Bc4 e6 5. Qe2 Ne7 6. Nc3 0-0 7. e5 d5 8. exd6 Nf5 9. Ne4 b6 10. d3 Nxd6 11. Nxd6 Qxd6 12. 0-0 Nc6 13. c3 Na5 14. Ne5 Bb7 15. a3 Nxc4 16. Nxc4 Qd5 17. Be3 Rad8 18. Rad1 Ba6 19. Qc2 Bxc4 20. dxc4 Qxc4 21. Rxd8 Rxd8 22. Rd1 Rd5 23. g3 Bf6 24. Rd2 Kg7 25. g4 Rxd2 26. Qxd2 Qd5 27. g5 Be7 28. Qe2 Kg8 29. Kf2 Qh1 30. Kg3 Qe4 31. Qd2 Qd5 32. Qe2 Bd6 33. c4 Qxg5+ 34. Kf2 Bxf4 35. Bxf4 Qxf4+ 36. Kg2 e5 37. b3 e4 0-1

[Event "Regionalliga SW 9495"]
[Site "Bayern"]
[Date "1995.??.??"]
[Round "?.3"]
[White "Huber, Stefan1"]
[Black "Schwarm, Gordon Charles"]
[Result "1-0"]
[WhiteElo "2000"]
[BlackElo "1980"]
[PlyCount "107"]
[EventDate "1994.10.??"]
[EventType "team-tourn"]
[EventRounds "9"]
[EventCountry "GER"]
[SourceTitle "EXT 1999"]
[Source "ChessBase"]
[SourceDate "1998.11.16"]
[SourceVersion "1"]
[SourceVersionDate "1998.11.16"]
[SourceQuality "1"]
[WhiteTeam "Kaufbeuren"]
[BlackTeam "Augsburg SG 1873"]
[WhiteTeamCountry "GER"]
[BlackTeamCountry "GER"]

1. d4 d5 2. Nf3 Nf6 3. e3 g6 4. c4 c6 5. Nc3 Bg7 6. Bd3 0-0 7. 0-0 Bg4 8. h3 Bxf3 9. Qxf3 dxc4 10. Bxc4 Nbd7 11. Rd1 Rc8 12. e4 e6 13. e5 Nd5 14. Ne4 h6 15. b3 c5 16. Bxd5 exd5 17. Nxc5 Nxc5 18. dxc5 Bxe5 19. Rxd5 Qf6 20. Qxf6 Bxf6 21. Rb1 Kg7 22. Be3 Rc7 23. Rbd1 Rfc8 24. Rd7 g5 25. b4 a6 26. a4 Kf8 27. h4 Be7 28. R1d5 f6 29. Kf1 Kf7 30. hxg5 hxg5 31. g4 Ke6 32. Rxc7 Rxc7 33. Rf5 Rd7 34. Ke2 Rd8 35. Rf3 Kd5 36. Bd2 Kc4 37. Rc3+ Kxb4 38. Re3+ Rxd2+ 39. Kxd2 Bxc5 40. Re4+ Kb3 41. f4 Bb4+ 42. Kd3 Kxa4 43. Re6 gxf4 44. Rxf6 Kb5 45. g5 Ba3 46. g6 Bb2 47. g7 Bxf6 48. g8Q Bh4 49. Qc4+ Kb6 50. Qxf4 Be7 51. Kc4 Ka5 52. Qc7+ Ka4 53. Qxe7 a5 54. Qd7+ 1-0

[Event "Regionalliga SW 9596"]
[Site "Bayern"]
[Date "1995.??.??"]
[Round "?"]
[White "Oberhofer, Max"]
[Black "Schwarm, Gordon Charles"]
[Result "1/2-1/2"]
[WhiteElo "2290"]
[BlackElo "1975"]
[PlyCount "80"]
[EventDate "1995.10.??"]
[EventType "team-tourn"]
[EventRounds "9"]
[EventCountry "GER"]
[SourceTitle "EXT 1999"]
[Source "ChessBase"]
[SourceDate "1998.11.16"]
[SourceVersion "1"]
[SourceVersionDate "1998.11.16"]
[SourceQuality "1"]
[WhiteTeam "Sonthofen"]
[BlackTeam "Augsburg SG 1873"]
[WhiteTeamCountry "GER"]
[BlackTeamCountry "GER"]

1. d4 d5 2. Nf3 Nf6 3. g3 c6 4. Bg2 g6 5. 0-0 Bg7 6. Nbd2 0-0 7. c4 Nbd7 8. b3 a5 9. Bb2 Re8 10. Qc2 e6 11. Rad1 Qc7 12. Rfe1 h6 13. e4 dxe4 14. Nxe4 Nxe4 15. Qxe4 Nf6 16. Qd3 Bd7 17. Ne5 Rad8 18. Qf3 Bc8 19. Qf4 Nh5 20. Qe3 Kh7 21. h4 f5 22. g4 fxg4 23. Be4 Bxe5 24. dxe5 Qe7 25. Bc1 Qg7 26. Qe2 Rxd1 27. Rxd1 Rf8 28. Qxg4 Qf7 29. Kh1 Ng7 30. h5 Nf5 31. Qf4 g5 32. Qg4 Kh8 33. f4 gxf4 34. Bxf4 Rg8 35. Qh3 Qg7 36. Bxf5 exf5 37. e6 Qf8 38. Be5+ Kh7 39. Bb2 Rg5 40. Bc1 Rg7 1/2-1/2

[Event "Regionalliga SW 9495"]
[Site "Bayern"]
[Date "1995.??.??"]
[Round "?.4"]
[White "Schwarm, Gordon Charles"]
[Black "Mueller, Marcus"]
[Result "1/2-1/2"]
[WhiteElo "1980"]
[BlackElo "2080"]
[PlyCount "118"]
[EventDate "1994.10.??"]
[EventType "team-tourn"]
[EventRounds "9"]
[EventCountry "GER"]
[SourceTitle "EXT 1999"]
[Source "ChessBase"]
[SourceDate "1998.11.16"]
[SourceVersion "1"]
[SourceVersionDate "1998.11.16"]
[SourceQuality "1"]
[WhiteTeam "Augsburg SG 1873"]
[BlackTeam "Muenchen 36 II"]
[WhiteTeamCountry "GER"]
[BlackTeamCountry "GER"]

1. f4 c5 2. Nf3 g6 3. e3 Bg7 4. c3 Nf6 5. d4 b6 6. Bd3 Ba6 7. 0-0 0-0 8. Bxa6 Nxa6 9. f5 Nc7 10. Qd3 d5 11. fxg6 hxg6 12. Nbd2 Qd6 13. b3 Nd7 14. Bb2 e5 15. e4 Qc6 16. dxe5 dxe4 17. Nxe4 Nxe5 18. Nxe5 Bxe5 19. Rae1 Nd5 20. Qf3 Rae8 21. Ng5 Qf6 22. Qg4 Bf4 23. Nh3 Rxe1 24. Rxe1 Bd2 25. Re4 Be3+ 26. Rxe3 Qf1+ 27. Kxf1 Nxe3+ 28. Kf2 Nxg4+ 29. Kg3 Ne3 30. c4 Rd8 31. Nf4 Rd2 32. Be5 g5 33. Nh5 f5 34. Kf3 Ng4 35. Bb8 Nxh2+ 36. Bxh2 Kf7 37. Bb8 f4 38. Bxa7 Kg6 39. Nxf4+ gxf4 40. Kxf4 Rd6 41. Ke5 Rf6 42. a4 Kf7 43. g4 Re6+ 44. Kd5 Ke7 45. a5 bxa5 46. Bxc5+ Kd7 47. g5 Re2 48. Bd4 Rg2 49. Be3 Rg3 50. Ke4 Ke6 51. Kf4 Rh3 52. Ke4 Rh4+ 53. Kd3 Rg4 54. Bd2 Rg3+ 55. Kd4 Rxb3 56. Bxa5 Rg3 57. Bd8 Kd6 58. c5+ Kc6 59. Be7 Rg4+ 1/2-1/2